Psychoanalysis and religion / (Record no. 125904)
[ view plain ]
| 000 -LEADER | |
|---|---|
| fixed length control field | 00734cam a2200241Ii 4500 |
| 001 - CONTROL NUMBER | |
| control field | 4696727 |
| 003 - CONTROL NUMBER IDENTIFIER | |
| control field | ARRUPE |
| 005 - DATE AND TIME OF LATEST TRANSACTION | |
| control field | 20161215085113.0 |
| 008 - FIXED-LENGTH DATA ELEMENTS--GENERAL INFORMATION | |
| fixed length control field | 770509t19651950ctu 000 0 eng d |
| 035 ## - SYSTEM CONTROL NUMBER | |
| System control number | (OCoLC)ocm02949790 |
| 035 ## - SYSTEM CONTROL NUMBER | |
| System control number | (NNC)4696727 |
| 040 ## - CATALOGING SOURCE | |
| Original cataloging agency | MST |
| Transcribing agency | MST |
| Modifying agency | OCLCQ |
| 050 ## - LIBRARY OF CONGRESS CALL NUMBER | |
| Classification number | BF 173.B4 1965 |
| 300 ## - PHYSICAL DESCRIPTION | |
| Dimensions | 21 cm. |
| 100 1# - MAIN ENTRY--PERSONAL NAME | |
| Personal name | Bartemeier, Leo |
| Dates associated with a name | 1900-1980. |
| 9 (RLIN) | 28083 |
| 245 10 - TITLE STATEMENT | |
| Title | Psychoanalysis and religion / |
| Statement of responsibility, etc | Leo Bartemeier |
| 260 ## - PUBLICATION, DISTRIBUTION, ETC. (IMPRINT) | |
| Place of publication, distribution, etc | New Haven, |
| Name of publisher, distributor, etc | Yale University Press, |
| Date of publication, distribution, etc | [1965, c1950] |
| 300 ## - PHYSICAL DESCRIPTION | |
| Extent | vi, 119 p. |
| 440 ## - SERIES STATEMENT/ADDED ENTRY--TITLE | |
| Title | Bulletin of the Menninger Clinic |
| Name of part/section of a work | No.5 |
| Volume number/sequential designation | 29 |
| 9 (RLIN) | 28084 |
| 650 #0 - SUBJECT ADDED ENTRY--TOPICAL TERM | |
| Topical term or geographic name as entry element | Psychoanalysis and religion. |
| 9 (RLIN) | 2638 |
| 650 #0 - SUBJECT ADDED ENTRY--TOPICAL TERM | |
| Topical term or geographic name as entry element | Psychology, Religious. |
| 9 (RLIN) | 28085 |
| 942 ## - ADDED ENTRY ELEMENTS (KOHA) | |
| Source of classification or shelving scheme | Library of Congress Classification |
| Koha item type | Monograph ( Printed materials) |
| Withdrawn status | Lost status | Source of classification or shelving scheme | Damaged status | Not for loan | Home library | Current library | Date acquired | Total Checkouts | Full call number | Barcode | Date last seen | Price effective from | Koha item type |
|---|---|---|---|---|---|---|---|---|---|---|---|---|---|
| Library of Congress Classification | ARRUPE LIBRARY | ARRUPE LIBRARY | 15/12/2016 | BF 173.B4 1965 | 46003006627 | 15/12/2016 | 15/12/2016 | Monograph ( Printed materials) |